Statistics for Macbeth Year 7

Click here to take the quiz!

General Stats

  • This quiz has been taken 269 times
  • The average score is 9 of 10

Answer Stats

QuestionAnswer% Correct
What do the witches tell MacbethHe will be King
99%
What is the plan that Lady Macbeth suggests to ensure Macbeth becomes King?kill King Duncan
98%
Who wrote MacbethWilliam Shakespeare
97%
What does Lady Macbeth imagine she has on her hands?blood
96%
Who is Macbeth travelling with at the beginning of the play?Banquo
95%
Who is the next character to be murdered?Banquo
95%
What vision does Macbeth have?Banquo's ghost
95%
How did Macbeth tell his wife about the witches prophecy?letter
84%
Where does Macbeth meet the 3 witches?On the wasteland
75%
What do the witches say to Macbeth the second time?He will die
62%

Score Distribution

Percentile by Number Answered

Percent of People with Each Score

Your Score History

You have not taken this quiz